| 000 | 00958cam a2200289 a 4500 | ||
|---|---|---|---|
| 001 | c 68000693 | ||
| 003 | DLC | ||
| 005 | 20260227111036.0 | ||
| 008 | 061019s1966 ch 000 0 chi | ||
| 010 | _ac 68000693 | ||
| 035 | _a(CStRLIN)DCLP06-B21030 | ||
| 040 |
_aDLC _cDLC _dDLC-R |
||
| 050 | 0 | 0 |
_aPL2765.U28 _bK83 1966 |
| 066 | _c$1 | ||
| 100 | 1 |
_6880-01 _aXu, Dishan, _d1893-1941. |
|
| 245 | 1 | 0 |
_6880-02 _aGuo cui yu guo xue / _cXu Dishan zhu. |
| 250 |
_6880-03 _aChu ban. |
||
| 260 |
_6880-04 _aTaibei : _bShui niu chu ban she, _cMinguo 55 [1966] |
||
| 300 |
_a2, 2, 187 p.; _c19 cm. |
||
| 490 | 0 |
_6880-05 _aShui niu xin ka̓n ; _v1 |
|
| 650 | 0 |
_aChinese literature _xHistory and criticism. |
|
| 880 | 1 |
_6100-01/$1 _a許地山, _d1893-1941. |
|
| 880 | 1 | 0 |
_6245-02/$1 _a國粹 與 國學 / _c許地山著. |
| 880 |
_6250-03/$1 _a初版. |
||
| 880 |
_6260-04/$1 _a台北 : _b水牛出版社, _c民國55 [1966] |
||
| 880 | 0 |
_6490-05/$1 _a水牛新刊 ; _v1 |
|
| 999 |
_c12953 _d12953 |
||